|
|
|
|
| LEADER |
03105nam a2200733 4500 |
| 001 |
ocn853618808 |
| 003 |
OCoLC |
| 005 |
20170124070503.9 |
| 006 |
m o d |
| 007 |
cr ||||||||||| |
| 008 |
130722s2014 nju ob 001 0 eng |
| 010 |
|
|
|a 2013029532
|
| 040 |
|
|
|a DLC
|b eng
|e rda
|e pn
|c DLC
|d YDX
|d N$T
|d EBLCP
|d YDXCP
|d E7B
|d CCO
|d DG1
|d IDEBK
|d CUI
|d UMI
|d CDX
|d RECBK
|d K6U
|d OCLCF
|d OCLCO
|d DEBSZ
|d COO
|d OCLCQ
|d OCLCO
|d TEFOD
|d DG1
|d GrThAP
|
| 019 |
|
|
|a 875239969
|a 877823254
|a 961554963
|a 962563004
|
| 020 |
|
|
|a 9781118727010
|q (electronic bk.)
|
| 020 |
|
|
|a 1118727010
|q (electronic bk.)
|
| 020 |
|
|
|a 9781118727027
|q (electronic bk.)
|
| 020 |
|
|
|a 1118727029
|q (electronic bk.)
|
| 020 |
|
|
|z 9781118813454
|
| 020 |
|
|
|z 1118813456
|
| 020 |
|
|
|z 1118492986
|
| 020 |
|
|
|z 9781118492987
|
| 029 |
1 |
|
|a AU@
|b 000052912193
|
| 029 |
1 |
|
|a AU@
|b 000053336902
|
| 029 |
1 |
|
|a CHBIS
|b 010441980
|
| 029 |
1 |
|
|a CHNEW
|b 000688373
|
| 029 |
1 |
|
|a CHNEW
|b 000688374
|
| 029 |
1 |
|
|a CHVBK
|b 331759136
|
| 029 |
1 |
|
|a CHVBK
|b 334095565
|
| 029 |
1 |
|
|a DEBSZ
|b 425887251
|
| 029 |
1 |
|
|a DEBSZ
|b 431623791
|
| 029 |
1 |
|
|a NZ1
|b 15500203
|
| 029 |
1 |
|
|a DEBBG
|b BV041877706
|
| 035 |
|
|
|a (OCoLC)853618808
|z (OCoLC)875239969
|z (OCoLC)877823254
|z (OCoLC)961554963
|z (OCoLC)962563004
|
| 037 |
|
|
|a CL0500000415
|b Safari Books Online
|
| 037 |
|
|
|a 904B487C-F4D2-4459-82FE-426C30D2184E
|b OverDrive, Inc.
|n http://www.overdrive.com
|
| 042 |
|
|
|a pcc
|
| 050 |
0 |
0 |
|a HG4515.15
|
| 072 |
|
7 |
|a BUS
|x 027000
|2 bisacsh
|
| 082 |
0 |
0 |
|a 332.601/9
|2 23
|
| 049 |
|
|
|a MAIN
|
| 100 |
1 |
|
|a Baker, H. Kent
|q (Harold Kent),
|d 1944-
|
| 245 |
1 |
0 |
|a Investor behavior :
|b the psychology of financial planning and investing /
|c H. Kent Baker and Victor Ricciardi.
|
| 264 |
|
1 |
|a Hoboken, New Jersey :
|b John Wiley & Sons, Inc.,
|c [2014]
|
| 300 |
|
|
|a 1 online resource.
|
| 336 |
|
|
|a text
|b txt
|2 rdacontent
|
| 337 |
|
|
|a computer
|b c
|2 rdamedia
|
| 338 |
|
|
|a online resource
|b cr
|2 rdacarrier
|
| 490 |
1 |
|
|a Wiley finance series
|
| 500 |
|
|
|a Includes index.
|
| 588 |
0 |
|
|a Print version record and CIP data provided by publisher.
|
| 504 |
|
|
|a Includes bibliographical references and index.
|
| 505 |
0 |
|
|a Part one. Foundations of investor behavior -- part two. Personal finance issues -- part three. Financial planning concepts -- part four. Investor psychology -- part five. Trading and investing psychology and strategies -- part six. Special investment topics.
|
| 650 |
|
0 |
|a Investments
|x Psychological aspects.
|
| 650 |
|
0 |
|a Finance
|x Psychological aspects.
|
| 650 |
|
7 |
|a BUSINESS & ECONOMICS
|x Finance.
|2 bisacsh
|
| 650 |
|
7 |
|a Finance
|x Psychological aspects.
|2 fast
|0 (OCoLC)fst00924406
|
| 650 |
|
7 |
|a Investments
|x Psychological aspects.
|2 fast
|0 (OCoLC)fst00978283
|
| 655 |
|
4 |
|a Electronic books.
|
| 700 |
1 |
|
|a Ricciardi, Victor.
|
| 776 |
0 |
8 |
|i Print version:
|a Baker, H. Kent (Harold Kent), 1944-
|t Investor behavior.
|d Hoboken, New Jersey : John Wiley & Sons, Inc., [2014]
|z 9781118492987
|w (DLC) 2013027577
|
| 830 |
|
0 |
|a Wiley finance series.
|
| 856 |
4 |
0 |
|u https://doi.org/10.1002/9781118813454
|z Full Text via HEAL-Link
|
| 994 |
|
|
|a 92
|b DG1
|